Statistics for Biggest Axis-Controlled Cities

Click here to take the quiz!

General Stats

  • This quiz has been taken 31,685 times
    (12,693 since last reset)
  • The average score is 26 of 40

Answer Stats

PopulationUrban Area% Correct
40.5 mTokyo
97%
4.75 mBerlin
96%
11.4 mParis
95%
3.50 mRome
92%
20.0 mBeijing
91%
34.1 mShanghai
88%
2.35 mWarsaw
84%
32.1 mJakarta
81%
6.15 mMilan
81%
26.3 mManila
79%
2.28 mMunich
79%
2.50 mAmsterdam
77%
2.23 mVienna
77%
17.7 mOsaka
76%
25.0 mSeoul
75%
19.4 mBangkok
73%
47.6 mGuangzhou
73%
4.15 mNaples
72%
2.73 mBrussels
71%
7.55 mHong Kong
71%
7.90 mSingapore
70%
2.88 mHamburg
69%
10.6 mHo Chi Minh City
68%
2.63 mBudapest
67%
3.50 mAthens
65%
3.28 mFrankfurt
65%
3.48 mKyiv
65%
9.15 mKuala Lumpur
62%
9.15 mTaipei
56%
9.25 mWuhan
51%
3.28 mRotterdam /
The Hague
48%
10.5 mNagoya
44%
13.2 mTianjin
43%
2.73 mTunis
39%
10.2 mXiamen
35%
2.40 mStuttgart
34%
3.90 mAddis Ababa
23%
8.60 mHangzhou
23%
8.10 mShenyang
16%
7.75 mShantou
10%

Score Distribution

Percentile by Number Answered

Percent of People with Each Score

Your Score History

You have not taken this quiz since the last reset